000
00304nam a22001097a 4500
008
180803b xxu||||| |||| 00| 0 eng d
082
_a
813.52
245
_a
Making Enough Milk, The Key to Successful Breastfeeding... Planning for Day One
_c
Morton,J
260
_c
2008
300
_a
1
_f
CD
942
_2
ddc
_c
MX
999
_c
46772
_d
46772